000 00445nam a22001697a 4500
003 BD-ChCU
005 20251210100813.0
008 251210b bg ||||| |||| 00| 0 ben d
040 _cBD-ChCU
082 _aM 523.8 CON
100 _aSternig, John.
_917889
245 _aConstellation - ii.
_cJohn Sternig.
260 _aChicago.
_bDenoyer-Geppert.
_c1961
300 _aCol.Charts.1
650 0 _aStars - Atlases.
_917892
942 _2ddc
_cBK
_n0
999 _c110318
_d110318